000 01812nam a2200385 c 4500
001 2247
003 ES-MaCES
005 20150929135347.0
008 941013s1993 lu ||| | fre d
035 _aCES19980022633m
040 _aES-MaCES
_bspa
_cES-MaCES
245 0 4 _aLes négociations agricoles dans le cadre de l'Uruguay Round du GATT
_b: strategies des parties contractantes
_cParlement européen, Direction générale des études
260 _aLuxembourg
_bParlement européen, Direction générale des études, Division de l'agriculture, de la pêche, des forêts et du développement rural
_c1993
300 _a169 p.
_c30 cm
490 1 _aDocument de travail. Série Agriculture-pêche-forêts
_vW-6
500 _aEn la port., además: Le projet d'accord de Washington: compatibilité avec la reforme de la politique agricole commune; Le debat au sein du Parlement européen; Les conséquences pour l'agriculture de la Communauté
504 _aBibliografía: p. 160-169
541 _cGratuito
630 0 4 _aRonda Uruguay de Negociaciones Comerciales Multilaterales
_d1994
_932439
650 4 _asector agrícola
_927488
650 4 _anegociación comercial
_927964
650 4 _aGATT
_926712
650 4 _aexcedente agrícola
_927498
650 4 _aconsecuencias económicas
_927082
650 4 _apolítica agraria
_927494
650 4 _areforma agraria
_927499
650 4 _apolítica comunitaria
_930776
653 1 0 _aAgricultura-Ganadería
650 4 _926752
_aUE
710 2 _aParlamento Europeo
_bDirección General de Estudios
_94805
830 0 _aDocument de travail (Parlamento Europeo. Dirección General de Estudios)
_pSérie Agriculture-pêche-forêts
_vW-6
_932437
902 _aDOC Literatura gris
942 _2CES
_cBK
_h5.0.
999 _c2247
_d2247